000
00309pab a2200145 454500
008
180718b2006 xxu||||| |||| 00| 0 eng d
100
_a
Chaturvedi, Meena
245
_a
Budgetary process
260
_c
2006
300
_a
p.59-62.
362
_a
Feb
650
_a
Budget
773
_a
Yojana
909
_a
68735
999
_c
68735
_d
68735